000 01454nam a22002297a 4500
005 20180220115136.0
010 _aBAC-HN24 HIN-103958 B-545069-102 B-666715
020 _a9780143414742
_c350.00
035 _aHN-76304 B-545069-102
035 _aB-666715
037 _bआकार
082 _a972.983
100 _aनायपॉल, वी.एस.
245 _aद लॉस अॉफ एल दोरादो /
_cवी.एस. नायपॉल; मंजीत ठाकुर द्वारा अनुदित
260 _aनई दिल्ली
_bपेंगुइन बुक्स
_c2013
270 _a11, कम्युनिटी सेंटर, पंचशील पार्क
_bनई दिल्ली
_e110017
300 _a416 पृ.
_c21 सें.मी.(अजिल्द)
700 _aठाकुर,मंजीत
_949538
942 _2ddc
_cHN
_mनायपॉ
_h972.983
999 _c85453
_d85453